Catálogo
 En Linea

Eclosión alba : (Registro nro. 25209)

Detalles MARC
000 -CABECERA
campo de control de longitud fija 00447cam a2200157 a 4500
001 - NÚMERO DE CONTROL
campo de control 000025717
005 - FECHA Y HORA DE LA ÚLTIMA TRANSACCIÓN
campo de control 20200930024009.0
008 - DATOS DE LONGITUD FIJA--INFORMACIÓN GENERAL
campo de control de longitud fija 760831s1978 pr 000 | spa d
082 ## - NÚMERO DE LA CLASIFICACIÓN DECIMAL DEWEY
Número de clasificación xxx
Número de documento/Ítem R896e
049 ## - FONDOS LOCALES (OCLC)
Fondos de biblioteca BNGR
040 ## - FUENTE DE LA CATALOGACIÓN
Centro catalogador/agencia de origen DO-SdBNP
100 1# - ENTRADA PRINCIPAL--NOMBRE DE PERSONA
Nombre de persona Rubio de Jiménez, Esther,
9 (RLIN) 52486
245 10 - MENCIÓN DE TÍTULO
Título Eclosión alba :
Resto del título versos /
Mención de responsabilidad, etc. Esther Rubio de Jiménez.
260 ## - PUBLICACIÓN, DISTRIBUCIÓN, ETC.
Lugar de publicación, distribución, etc. San Juan, [ Puerto Rico] :
Nombre del editor, distribuidor, etc. [Betances],
Fecha de publicación, distribución, etc. 1978.
300 ## - DESCRIPCIÓN FÍSICA
Extensión 27 p. ;
Dimensiones 22 cm.
Existencias
Estado de retiro Estado de pérdida Restricciones de uso No para préstamo Código de colección Localización permanente Ubicación/localización actual Ubicación en estantería Fecha de adquisición Número de inventario Total de préstamos Signatura topográfica completa Código de barras Fecha visto por última vez Precio válido a partir de Tipo de ítem Koha
      Excluido de préstamo Monografías: Libros y Folletos General General En catalogación 21.02.2011 LF1   xxx R896e 25717-10 25.06.2020 25.06.2020 No se presta

Con tecnología Koha